000 01068nmc a2200373 a 4500
003 AR-BaBNM
005 20251128205129.0
008 036119s1987 ||||||||||||||000 | spa||
020 _a968-16-2488-2
040 _cAR-BaBNM
245 1 0 _aTeoría de la dependencia
_buna revaluación crítica
250 _a1ª ed.
260 _aMéxico, D.F.
_bFondo de Cultura Económica
_c1987
300 0 _a247 p.
_btablas
490 0 _aSección de obras de economía
504 _aContiene bibliografía al final de cada capítulo
650 4 _aECONOMIA
650 4 _aDOCTRINAS POLITICAS
650 4 _aIMPERIALISMO
650 4 _aIDEOLOGIAS
650 4 _aTEORIA POLITICA
650 4 _aDOCTRINAS ECONOMICAS
650 4 _aTEORIA ECONOMICA
650 4 _aPOLITICA DE DESARROLLO
650 4 _aSISTEMAS ECONOMICOS
650 4 _aPOLITICA
650 4 _aDEPENDENCIA ECONOMICA
650 4 _aPAISES EN DESARROLLO
653 0 _aTERCER MUNDO
700 1 _aSeers, Dudley
_ecompilador
700 1 _aPizarro, Mercedes
_etraductor
942 _cBK
998 _cEnrique
999 _c10111
_d10111